Instructions pour la mise en oeuvre de teretriosoma nigrescens dans la lutte biologique contre prostephanus truncatus (Record no. 29292)

MARC details
000 -LEADER
fixed length control field 00529 a2200205 4500
100 ## - VEDETTE PRINCIPALE - NOM DE PERSONNE
Personal name HENNING-HELBIG, SABINE
130 ## - VEDETTE PRINCIPALE - TITRE UNIFORME
Language of a work FR
260 ## - PUBLICATION, DISTRIBUTION, ETC. (IMPRINT)
Place of publication, distribution, etc Eschborn
260 ## - PUBLICATION, DISTRIBUTION, ETC. (IMPRINT)
Name of publisher, distributor, etc GTZ
245 ## - TITLE STATEMENT
Title Instructions pour la mise en oeuvre de teretriosoma nigrescens dans la lutte biologique contre prostephanus truncatus
260 ## - PUBLICATION, DISTRIBUTION, ETC. (IMPRINT)
Date of publication, distribution, etc 1995
300 ## - PHYSICAL DESCRIPTION
Extent v-55 p.
300 ## - PHYSICAL DESCRIPTION
Other physical details ill.
650 ## - SUBJECT ADDED ENTRY--TOPICAL TERM
Topical term or geographic name as entry element lutte biologique
650 ## - SUBJECT ADDED ENTRY--TOPICAL TERM
Topical term or geographic name as entry element teretriosom nigrescens
650 ## - SUBJECT ADDED ENTRY--TOPICAL TERM
Topical term or geographic name as entry element prostephanus truncatus
710 ## - ADDED ENTRY--CORPORATE NAME
Corporate name or jurisdiction name as entry element GTZ
Holdings
Withdrawn status Lost status Damaged status Not for loan Location (home branch) Sublocation or collection (holding branch) Date acquired Koha issues (times borrowed) Koha full call number Koha date last seen Copy number Price effective from Koha item type Public note
        Bibliothèque-Centre de Documentation de la Faculté des Sciences Agronomiques Bibliothèque-Centre de Documentation de la Faculté des Sciences Agronomiques     pv.1995.009 28/02/2009 2 28/02/2009 Livre A.7187


© 2008, Bibliothèques de l'Université d'Abomey-Calavi

04 BP 789 Cotonou, Tél. : +229 21 36 01 01, Fax : +229 21 35 06 32

Courriel : bu@bu.uac.bj